000 00688nam a2200253Ia 4500
003 OSt
005 20221006142638.0
006 a|||||r|||| 00| 0
007 ta
008 221006b |||||||| |||| 00| 0 eng d
020 _a0706917723
_c125.00
024 _a6,839
037 _cTextual
040 _aEASL
_cEASL
_beng
041 _2eng
_aeng
082 _aY:1.5.N75, M2
100 _aGOONATILAKE Susantha
245 0 _aCrippled minds
_b An exploration into colonial culture
260 _aGhaziabad
_bVikas Pub.
_c1982
300 _axii,350p.
_ccm.
490 _v Oth
942 _hY:1.5.N75, M2
_cTEXL
_2CC
999 _c1074925
_d1074925